<?xml version="1.0" encoding="UTF-8"?>
<record
    xmlns:xsi="http://www.w3.org/2001/XMLSchema-instance"
    xsi:schemaLocation="http://www.loc.gov/MARC21/slim http://www.loc.gov/standards/marcxml/schema/MARC21slim.xsd"
    xmlns="http://www.loc.gov/MARC21/slim">

  <leader>01059nam a22002417a 4500</leader>
  <datafield tag="952" ind1=" " ind2=" ">
    <subfield code="0">0</subfield>
    <subfield code="1">0</subfield>
    <subfield code="4">0</subfield>
    <subfield code="7">0</subfield>
    <subfield code="a">03</subfield>
    <subfield code="b">03</subfield>
    <subfield code="d">2014-09-30</subfield>
    <subfield code="l">9</subfield>
    <subfield code="o">Q180.A1 R65 2003</subfield>
    <subfield code="p">03 007231</subfield>
    <subfield code="r">2018-08-10</subfield>
    <subfield code="s">2018-08-08</subfield>
    <subfield code="t">1</subfield>
    <subfield code="w">2014-09-30</subfield>
    <subfield code="y">LB</subfield>
  </datafield>
  <datafield tag="999" ind1=" " ind2=" ">
    <subfield code="c">94358</subfield>
    <subfield code="d">94358</subfield>
  </datafield>
  <controlfield tag="008">130729s2003    mx a|||| |||| 00| 0 spa d</controlfield>
  <datafield tag="020" ind1=" " ind2=" ">
    <subfield code="a">9682468418</subfield>
  </datafield>
  <datafield tag="050" ind1=" " ind2=" ">
    <subfield code="a">Q180.A1 </subfield>
    <subfield code="b">R65 2003</subfield>
  </datafield>
  <datafield tag="100" ind1="1" ind2=" ">
    <subfield code="a">Rosado, Miguel &#xC1;ngel</subfield>
    <subfield code="e">autor</subfield>
  </datafield>
  <datafield tag="245" ind1=" " ind2=" ">
    <subfield code="a">Metodolog&#xED;a de la investigaci&#xF3;n y evaluaci&#xF3;n</subfield>
    <subfield code="c"> / Miguel &#xC1;ngel Rosado </subfield>
  </datafield>
  <datafield tag="260" ind1=" " ind2=" ">
    <subfield code="a">M&#xE9;xico </subfield>
    <subfield code="b"> : Trillas</subfield>
    <subfield code="c">, 2003</subfield>
  </datafield>
  <datafield tag="300" ind1=" " ind2=" ">
    <subfield code="a">253 p&#xE1;ginas</subfield>
    <subfield code="b"> : ilustraciones</subfield>
  </datafield>
  <datafield tag="336" ind1=" " ind2=" ">
    <subfield code="a">texto</subfield>
  </datafield>
  <datafield tag="337" ind1=" " ind2=" ">
    <subfield code="a">sin medio</subfield>
  </datafield>
  <datafield tag="338" ind1=" " ind2=" ">
    <subfield code="a">volumen</subfield>
  </datafield>
  <datafield tag="504" ind1=" " ind2=" ">
    <subfield code="a">Incluye: bibliograf&#xED;a (pp.245-248)</subfield>
  </datafield>
  <datafield tag="505" ind1=" " ind2=" ">
    <subfield code="a">M&#xE9;todos cualitativos y cuantitativos
Bases metodol&#xF3;gicas
Proceso metodol&#xF3;gico
Estad&#xED;stica b&#xE1;sica
Instrumentos de medici&#xF3;n de datos y observaci&#xF3;n de hechos Taxonom&#xED;as no tradicionales
Recopilaci&#xF3;n de informaci&#xF3;n
Estructuraci&#xF3;n de reporte </subfield>
  </datafield>
  <datafield tag="519" ind1=" " ind2=" ">
    <subfield code="a">Educaci&#xF3;n Mixta /</subfield>
    <subfield code="b">Psicolog&#xED;a / </subfield>
    <subfield code="c">Estad&#xED;stica II (M03-2) /</subfield>
    <subfield code="d">(03 007231)</subfield>
  </datafield>
  <datafield tag="650" ind1=" " ind2="0">
    <subfield code="a">REDACCI&#xD3;N DE INFORMES</subfield>
    <subfield code="v">MANUALES</subfield>
  </datafield>
  <datafield tag="650" ind1="2" ind2="0">
    <subfield code="a">INVESTIGACI&#xD3;N</subfield>
    <subfield code="v">METODOLOG&#xCD;A</subfield>
  </datafield>
  <datafield tag="650" ind1="3" ind2="0">
    <subfield code="a">TESIS Y DISERTACIONES ACAD&#xC9;MICAS</subfield>
    <subfield code="v">MANUALES</subfield>
    <subfield code="z">M&#xC9;XICO</subfield>
  </datafield>
  <datafield tag="942" ind1=" " ind2=" ">
    <subfield code="c">LB</subfield>
  </datafield>
</record>
